Statistiken für Pokemon Gen 4 (Ger)

Klicken Sie hier um das Quiz zu spielen!

Allgemein

  • Dieses Quiz wurde 50 mal gespielt
  • Das Durchschnittsergebnis liegt bei 85 aus 107

Antwortstatistiken

Nr.#Pokemon Name% Korrekt
387Chelast
100%
483Dialga
100%
395Impoleon
100%
484Palkia
100%
392Panferno
100%
390Panflam
100%
391Panpyro
100%
393Plinfa
100%
396Staralili
100%
398Staraptor
100%
397Staravia
100%
400Bidifas
97%
399Bidiza
97%
487Giratina
97%
394Pliprin
97%
493Arceus
94%
388Chelcarain
94%
389Chelterrar
94%
404Luxio
94%
405Luxtra
94%
480Selfe
94%
403Sheinux
94%
481Vesprit
94%
488Cresselia
91%
491Darkrai
91%
466Elevoltek
91%
490Manaphy
91%
492Shaymin
91%
482Tobutz
91%
443Kaumalat
88%
445Knakrack
88%
444Knarksel
88%
467Magbrant
88%
489Phione
88%
406Knospi
85%
407Roserade
85%
410Schilterus
85%
402Zirpeise
85%
401Zirpurze
85%
418Bamelin
82%
419Bojelin
82%
411Bollterus
82%
485Heatran
82%
408Koknodon
82%
430Kramshef
82%
448Lucario
82%
409Rameidon
82%
447Riolu
82%
436Bronzel
79%
437Bronzong
79%
470Folipurba
79%
478Frosdedje
79%
471Glaziola
79%
460Rexblisar
79%
459Shnebedeck
79%
461Snibunna
79%
431Charmian
76%
475Galagladi
76%
442Kryppuk
76%
417Pachirisu
76%
486Regigigas
76%
479Rotom
76%
454Toxiquak
76%
453Glibunkel
74%
420Kikugi
74%
421Kinoso
74%
446Mampfaxo
74%
432Shnurgarst
74%
472Skorgro
74%
429Traunmagil
74%
449Hippopotas
71%
450Hippoterus
71%
414Moterpel
71%
464Rihornior
71%
435Skuntank
71%
465Tangoloss
71%
469Yanmega
71%
413Burmadame
68%
412Burmy
68%
425Driftlon
68%
456Finneon
68%
457Lumineon
68%
462Magnezone
68%
473Mamutel
68%
439Pantimimi
68%
434Skunkapuh
68%
468Togekiss
68%
455Venuflibis
68%
440Wonneira
68%
426Drifzepeli
65%
423Gastrodon
65%
416Honweisel
65%
433Klingplim
65%
422Schalellos
65%
463Schlurplek
65%
415Wadribie
65%
477Zwirrfinst
65%
427Haspiror
62%
458Mantirps
62%
438Mobai
62%
474Porygon-Z
62%
476Voluminas
62%
452Piondragi
59%
451Pionskora
59%
428Schlapor
59%
441Plaudagei
56%
424Ambidiffel
50%

Verteilung der Resultate

Perzentil nach korrekt beantworteten Fragen

Anzahl Personen mit jedem Resultat

Ihre Resultats-Entwicklung

Sie haben dieses Quiz noch nicht gespielt